Biodiversidad del parque nacional Canaima : (Registro nro. 7982)

Detalles MARC
000 -CABECERA
Campo de control 01465nmm a22002777a 4500
005 - FECHA Y HORA DE LA ULTIMA TRANSACCION
Campo de control 20150806092551.0
008 - ELEMENTOS DE LONGITUD FIJA—INFORMACION GENERAL
Campo de control 131203b2009 ve ||||| |||| 00| 0 spa d
020 ## - ISBN
ISBN 9789807990070
040 ## - FUENTE DE CATALOGACIÓN
Agencia catalogadora original CO-BoIAVH
Agencia transcriptora CO-BoIAVH
041 ## - IDIOMA
Código de idioma para texto/pista de sonido o título separado Español
044 ## - PAÍS DE PUBLICACIÓN
País de publicación Venezuela
090 ## - CLASIFICACIÓN LOCAL
Colección LB
Consecutivo 05822
110 1# - ASIENTO PRINCIPAL--NOMBRE CORPORATIVO
Nombre corporativo o de jurisdicción como elemento de entrada Fundación la Salle de Ciencias Naturales
245 ## - MENCION DE TITULO
Título Biodiversidad del parque nacional Canaima :
Parte restante del título Bases técnicas para la conservación de la Guayana venezolana
260 ## - PUBLICACION, DISTRIBUCION, ETC. (PIE DE IMPRENTA)
Lugar de publicación, distribución, etc. Caracas
Nombre del editor, distribuidor, etc. Fundación la Salle de Ciencias Naturales
-- The nature conservancy
-- UNEG
-- EFEM
Fecha de publicación, distribución, etc. 2009
300 ## - DESCRIPCION FISICA
Extensión 256 p.,
Dimensiones 13 cm
504 ## - NOTA DE BIBLIOGRAFIA, ETC.
Nota de bibliografía Incluye bibliografía
505 ## - NOTA DE CONTENIDO
Nota de contenido Incluye contenido
520 ## - NOTA DE RESUMEN, ETC.
Nota de resumen El parque nacional Canaima es el segundo parque nacional más extenso de Venezuela y el cuarto a nivel mundial. fue creado para resguardar la elevada diversidad de la exclusiva fauna y flora Guayanesa, valores naturales que junto a la riqueza natural de la rEgión, le han merecido su declaración como sitio de Patrimonio Mundial Natural de la Humanidad en junio de 1994 por el comité de la convención para la protección del patrimonio Cultural y Natural del mundo de la UNESCO.
700 1# - ASIENTO SECUNDARIO - NOMBRE PERSONAL
Nombre personal Señaris, J. Celsa
Término de relación Editora
700 1# - ASIENTO SECUNDARIO - NOMBRE PERSONAL
Nombre personal Lasso-Alcalá, Carlos A.
Término de relación Editor
700 1# - ASIENTO SECUNDARIO - NOMBRE PERSONAL
Nombre personal Lew, Daniel
Término de relación Editor
700 1# - ASIENTO SECUNDARIO - NOMBRE PERSONAL
Nombre personal Colonnello, Giuseppe
Término de relación Fotógrafo
700 1# - ASIENTO SECUNDARIO - NOMBRE PERSONAL
Nombre personal Szabadics, Susana
Término de relación Edición cartográfica
942 ## - ELEMENTOS ADICIONALES (KOHA)
Sistema de clasificación Local
Tipo de ítem CD-ROM
Existencias
Withdrawn status Lost status Sistema de Clasificación Damaged status No para préstamo Colección Ubicación Permanente Ubicación actual Fecha de adquisición Total Checkouts Número topográfico Inventario / Código de Barras Date last seen Ejemplar Price effective from Forma de adquisición Tipo de material
    Local     Audiovisual Bogotá Bogotá 03/12/2013   LB-05822 058643 03/12/2013 Ej. 1 03/12/2013   CD-ROM